000 00481cam a2200193ua 4500
001 8162
008 150109n ii |||gr||||Z||||||hin
040 _cMAIN
041 _ahin
082 _a891.434
100 _aKumar, R.,
_eAuthor.
245 1 _aAanshere me ka mahatva
_cEdited by Rajendra Kumar
250 _a1st.
260 _aIlahabad:
_bNayi kahani,
_c1996.
300 _a150p.
653 _aEast Indo-European & Celtic literatures
653 _aHindi essays
942 _cBK
999 _c7277
_d7277